Biggest City by Lake - Statistics

General Stats
  • This quiz has been taken 49 times
  • The average score is 6 of 10
Answer Stats
Lake City % Correct
Lake Michigan Chicago
96%
Lake Ontario Toronto
93%
Caspian Sea Baku
76%
Lake Victoria Kampala
70%
Lake Erie Cleveland
67%
Lake Pontchartrain New Orleans
67%
Lake Superior Thunder Bay
43%
Lake Baikal Irkutsk
37%
Lake Titicaca Puno
28%
Lake Kivu Goma
22%
No matching quizzes found
Score Distribution
Percent of People with Each Score
Percentile by Number Answered
Your Score History
You have not taken this quiz